Vở bài tập ngữ văn 6 T.2

Tallennettuna:
Bibliografiset tiedot
Päätekijä: Vũ, Nho
Muut tekijät: Phan, Thiều
Aineistotyyppi: Kirja
Kieli:Undetermined
Julkaistu: H. Giáo dục 2002
Aiheet:
Linkit:http://lrc.tdmu.edu.vn/opac/search/detail.asp?aID=2&ID=4846
Tagit: Lisää tagi
Ei tageja, Lisää ensimmäinen tagi!
Thư viện lưu trữ: Trung tâm Học liệu Trường Đại học Thủ Dầu Một
LEADER 00652nam a2200217Ia 4500
001 TDMU_4846
008 210410s9999 xx 000 0 und d
082 |a 343.236 6076 
090 |b V500 
100 |a Vũ, Nho 
245 0 |a Vở bài tập ngữ văn 6 
245 0 |c Vũ Nho 
245 0 |n T.2 
260 |a H. 
260 |b Giáo dục 
260 |c 2002 
300 |a 131tr. 
650 |a Tiếng Việt  |x Dạy và học; Sách lớp 6  |v Bài tập 
700 |a Phan, Thiều 
856 |u http://lrc.tdmu.edu.vn/opac/search/detail.asp?aID=2&ID=4846 
980 |a Trung tâm Học liệu Trường Đại học Thủ Dầu Một